| 000 | 00784nam a2200229 a 4500 | ||
|---|---|---|---|
| 005 | 20220623063501.0 | ||
| 008 | 010716s1996 mx r 000 0 spa d | ||
| 020 | _a8478692437 | ||
| 035 | _aUPN01000109707 | ||
| 049 | _aI | ||
| 050 | 4 |
_aLB1131 _bP7.6 no.5 |
|
| 100 | 1 |
_aYuste Hernanz, Carlos _929510 |
|
| 245 | 1 | 0 |
_aConceptos temporales, series temporales : _bdesarrollo del lenguaje y de la orientación / _cCarlos Yuste Hernanz, Manuel Trallero Sanz. |
| 260 |
_aMadrid : _bCEPE, _c1996. |
||
| 300 |
_a125 p. : _bil. |
||
| 440 | 0 |
_aProgresint ; _v5 |
|
| 500 | _a"Educación infantil. Segundo ciclo" | ||
| 650 | 4 |
_aPERCEPCION DEL TIEMPO EN NIÑOS _923049 |
|
| 650 | 4 |
_aANALISIS DE SERIES CRONOLOGICAS _9272 |
|
| 700 | 1 |
_aTrallero Sanz, Manuel, _ecoaut. _931808 |
|
| 905 | _aInfantil | ||
| 999 |
_c83617 _d83617 |
||